Top 100 boy names Netherlands 2013 - Statistics

General Stats
  • This quiz has been taken 314 times
  • The average score is 22 of 100
Answer Stats
Hint Answer % Correct
54 Tom
69%
29 Jan
67%
11 Tim
60%
8 Luuk
56%
20 Sam
50%
12 Thomas
47%
4 Daan
46%
50 Dani
43%
33 Luca
43%
21 Max
40%
60 Mohamed
39%
80 Mohammed
39%
14 Noah
39%
3 Bram
37%
47 Daniël
37%
1 Sem
37%
7 Lucas
36%
74 Bas
35%
38 David
35%
13 Thijs
35%
79 Mick
34%
56 Nick
34%
52 Willem
33%
81 Alexander
31%
46 Cas
31%
63 Pieter
30%
9 Jesse
29%
18 Lars
28%
71 Jasper
27%
62 Jack
26%
17 Liam
25%
19 Stijn
25%
15 Julian
24%
73 Niels
24%
25 Benjamin
23%
27 Gijs
23%
55 Koen
23%
84 Robin
23%
16 Ruben
23%
5 Finn
22%
22 Mees
22%
23 Sven
21%
65 Vince
21%
40 Floris
20%
37 Hugo
20%
93 Joris
20%
61 Pim
19%
28 Teun
19%
30 Tijn
19%
26 Adam
18%
90 Casper
18%
6 Milan
18%
86 Simon
18%
72 Jelle
17%
43 Olivier
17%
83 Quinn
17%
58 Stan
17%
57 Thijmen
17%
44 Guus
16%
2 Levi
16%
97 Mike
16%
77 Rayan
16%
36 Ryan
16%
75 Samuel
16%
51 Dylan
15%
42 Joep
15%
31 Mats
15%
32 Jens
14%
67 Johannes
14%
70 Nathan
14%
49 Ties
14%
66 Jason
13%
10 Jayden
13%
76 Niek
13%
48 Pepijn
13%
92 Rens
13%
87 Tobias
13%
85 Joshua
12%
96 Jip
11%
41 Jurre
11%
24 Siem
11%
88 Joey
10%
99 Owen
10%
95 Sepp
10%
64 Hidde
9%
89 Mason
9%
39 Noud
9%
35 Tygo
9%
69 Xavi
9%
91 Abel
8%
59 Dean
8%
53 Roan
8%
45 Boas
7%
100 Fabian
7%
94 Senn
7%
68 Damian
6%
34 Dex
6%
78 Fedde
4%
82 Kyan
4%
98 Cornelis
3%
No matching quizzes found
Score Distribution
Percent of People with Each Score
Percentile by Number Answered
Your Score History
You have not taken this quiz